Szczegóły MARC21

Funk and Wagnalls new encyclopedia Vol.17, Motion pictures, history of to Norwegian music /

005 -DATA I CZAS OSTATNIEJ MODYFIKACJI [,]
    • @
    • pole kontrolne
    • 20070315155141.9
040 -Instytucja sporządzająca opis [ , ]
    • a
    • Instytucja, która sporządziła opis (NP)
    • SZCZ U
    • c
    • Instytucja, która sporządziła rekord (NP)
    • SZCZ U
041 -Język dokumentu [0, ]
    • a
    • Język tekstu (P)
    • angielski
    • h
    • Język tekstu oryginalnego i/lub pośredniego (P)
    • angielski
942 -Rodzaj dokumentu [ , ]
    • c
    • Rodzaj dokumentu
    • Książka
245 -Strefa tytułu i oznaczenia odpowiedzialności [0, ]
    • a
    • Tytuł
    • Funk and Wagnalls new encyclopedia Find
    • n
    • Oznaczenie części (P)
    • Vol.17,
    • p
    • Nazwa części (P)
    • Motion pictures, history of to Norwegian music /
    • c
    • Pozostałe elementy strefy tytułu i oznaczenia odpowiedzialności (NP)
    • ed. Joseph Laffan Morse, William H. Hendelson.
260 -Strefa adresu wydawniczego [ , ]
    • a
    • Miejsce wydania (P)
    • New York :
    • b
    • Nazwa wydawcy (P)
    • Funk and Wagnalls,
    • c
    • Data wydania (P)
    • cop.1973.
300 -Strefa opisu fizycznego [ , ]
    • a
    • Określenie formy książki i/lub objętość (NP)
    • 480 s :
    • b
    • Oznaczenie ilustracji (NP)
    • il., mapki :
    • c
    • Format (NP)
    • 24 cm.
080 -Uniwersalna Klasyfikacja Dziesiętna [ , ]
    • a
    • Symbol klasyfikacji
    • 0/9(03)=20
980 -Symbol UKD [ , ]
    • a
    • UKD
    • 0/9(03)=20
700 -Hasło dodatkowe - nazwa osobowa [ , ]
    • a
    • Nazwa osobowa (NP)
    • Morse Joseph Laffan Find
700 -Hasło dodatkowe - nazwa osobowa [ , ]
    • a
    • Nazwa osobowa (NP)
    • Hendelson William H. Find
Numer inwentarzowy Status udost. Uwagi nie widoczne w OPAC Lokalizacja Data inwentaryzacji Sygnatura
Z.632691depozyt BMBM2004-04-22ANG. Encyklopedie 85